Views of Rome: then and now
Guardat en:
| Autor principal: | |
|---|---|
| Format: | Llibre |
| Idioma: | anglès |
| Publicat: |
Nueva York
Dover
1976
|
| Col·lecció: | Collections of Fine Art in Dover Books
|
| Matèries: | |
| Etiquetes: |
Afegir etiqueta
Sense etiquetes, Sigues el primer a etiquetar aquest registre!
|
MARC
| LEADER | 00000nam a2200000 a 4500 | ||
|---|---|---|---|
| 001 | UCT3893 | ||
| 003 | CL-VaPUC | ||
| 008 | 961031e19760000US |||||||||||||||||eng|d | ||
| 082 | 0 | 4 | |a 767 |b PIR |2 21 |
| 100 | 0 | |a Piranesi, Giovanni Battista |e author |9 370820 | |
| 245 | 1 | 0 | |a Views of Rome: then and now |
| 300 | |a 41 p | ||
| 942 | |c BK | ||
| 945 | |d 19961031 00:00:00 |a nastorga | ||
| 260 | |a Nueva York |b Dover |c 1976 | ||
| 650 | 0 | |a Grabados |9 310822 | |
| 650 | 0 | |a Ciudades |9 265474 | |
| 650 | 0 | |a Urbanismo |9 255208 | |
| 650 | 0 | |a Monumentos |9 265246 | |
| 650 | 0 | |a Edificios |9 260501 | |
| 650 | 0 | |a Vivienda |9 258662 | |
| 651 | 0 | |a Roma |9 255106 | |
| 583 | |a last modification |c 19961031 00:00:00 |k Rodrigo Vera | ||
| 490 | 0 | |a Collections of Fine Art in Dover Books | |
| 999 | |c 253397 |d 253395 | ||
| 952 | |0 0 |1 0 |4 0 |6 767_000000000000000_PIR_1976 |7 0 |8 A |9 274225 |a BIBARQ |b BIBARQ |d 2019-11-19 |i 3243958 |o 767 PIR 1976 |p 3243958 |r 2025-01-20 |w 2019-11-19 |y BK |k ARQ | ||